<?xml version="1.0" encoding="UTF-8"?>
<record
    xmlns:xsi="http://www.w3.org/2001/XMLSchema-instance"
    xsi:schemaLocation="http://www.loc.gov/MARC21/slim http://www.loc.gov/standards/marcxml/schema/MARC21slim.xsd"
    xmlns="http://www.loc.gov/MARC21/slim">

  <leader>00743nam a2200181   4500</leader>
  <controlfield tag="001">15728</controlfield>
  <datafield tag="010" ind1=" " ind2=" ">
    <subfield code="a">9789722119856</subfield>
  </datafield>
  <datafield tag="090" ind1=" " ind2=" ">
    <subfield code="a">15728</subfield>
  </datafield>
  <datafield tag="100" ind1=" " ind2=" ">
    <subfield code="a">20090304d2008    k  y0pory5003    ba</subfield>
  </datafield>
  <datafield tag="200" ind1="1" ind2=" ">
    <subfield code="a">Dicion&#xE1;rio de Fernando Pessoa e do Modernismo portugu&#xEA;s</subfield>
    <subfield code="f">coordena&#xE7;&#xE3;o Fernando Cabral Martins</subfield>
  </datafield>
  <datafield tag="210" ind1=" " ind2=" ">
    <subfield code="a">[Lisboa]</subfield>
    <subfield code="c">Caminho</subfield>
    <subfield code="d">2008</subfield>
  </datafield>
  <datafield tag="215" ind1=" " ind2=" ">
    <subfield code="a">959, [16] p. a 2 colns</subfield>
    <subfield code="c">il., est.</subfield>
    <subfield code="d">25 cm</subfield>
  </datafield>
  <datafield tag="300" ind1=" " ind2=" ">
    <subfield code="a">Cont&#xE9;m lista de siglas de edi&#xE7;&#xF5;es citadas de Fernando Pessoa, M&#xE1;rio de S&#xE1;-Carneiro e Almada Negreiros, bibliografia citada e &#xED;ndice de nomes</subfield>
  </datafield>
  <datafield tag="675" ind1=" " ind2=" ">
    <subfield code="a">821.134.3 PESSOA, Fernado .09(038)</subfield>
    <subfield code="v">BN</subfield>
    <subfield code="z">por</subfield>
  </datafield>
  <datafield tag="675" ind1=" " ind2=" ">
    <subfield code="a">82.02 Modernismo(469)"1912/1935"</subfield>
    <subfield code="v">BN</subfield>
    <subfield code="z">por</subfield>
  </datafield>
  <datafield tag="702" ind1=" " ind2="1">
    <subfield code="a">Martins</subfield>
    <subfield code="b">Fernando Cabral</subfield>
    <subfield code="f">1950-</subfield>
  </datafield>
  <datafield tag="801" ind1=" " ind2="0">
    <subfield code="a">PT</subfield>
    <subfield code="b">UNLCSH</subfield>
    <subfield code="g">RPC</subfield>
  </datafield>
  <datafield tag="990" ind1=" " ind2=" ">
    <subfield code="c">LIVROS</subfield>
  </datafield>
  <datafield tag="995" ind1=" " ind2=" ">
    <subfield code="0">0</subfield>
    <subfield code="1">0</subfield>
    <subfield code="6">BMA</subfield>
    <subfield code="9">16205</subfield>
    <subfield code="b">BMA</subfield>
    <subfield code="f">R15205/21</subfield>
    <subfield code="k">821.134.3PESSOA:FERNANDO.09</subfield>
    <subfield code="o">0</subfield>
    <subfield code="r">LIVROS</subfield>
    <subfield code="s">Compra</subfield>
  </datafield>
  <datafield tag="995" ind1=" " ind2=" ">
    <subfield code="0">0</subfield>
    <subfield code="1">0</subfield>
    <subfield code="6">BMA</subfield>
    <subfield code="9">16206</subfield>
    <subfield code="b">BMA</subfield>
    <subfield code="f">R17627/21</subfield>
    <subfield code="k">821.134.3PESSOA.FERNANDO.09</subfield>
    <subfield code="o">0</subfield>
    <subfield code="r">LIVROS</subfield>
    <subfield code="s">Compra</subfield>
  </datafield>
</record>
